000 00331nam a2200133Ia 4500
008 191201s2009 xx 000 0 und d
100 _aNEGUS, Christopher
245 0 _aFedora 10 and Red Hat Enterprise Linux Bible
250 _aRep
260 _c2009
_bWiley India
_aN. Delhi
300 _a1076
650 _aCSE
942 _2ddc
_cBB
999 _c7392
_d7392